000 00635cam a22002293a 4500
001 9627
003 PGUSA
005 20140828083214.0
008 040810s2004||||xxu|||||s|||||000 | eng d
040 _aPGUSA
_beng
042 _adc
050 4 _aDE
100 1 _aHall, Jennie,
_d1875-1921
245 1 0 _aBuried Cities, Volume 3 :
_bMycenae
_h[electronic resource] /
_cJennie Hall
260 _bProject Gutenberg,
_c2004
506 _aPublic domain in the USA.
516 _aElectronic text
653 _aMycenae (Extinct city)
830 0 _aProject Gutenberg
_v9627
856 4 0 _uhttp://www.gutenberg.org/ebooks/9627
942 _cEB
999 _c238883
_d238883